01326nam a2200229Ia 4500001001100000003001000011008004100021040002500062041001200087100002600099245002900125250001100154260005600165500026000221501011400481520026000595650002300855942000700878957000600885999004300891952016200934A870-35427IT-CnALBA170116s9999||||xx |||||||||||||| ||und|| aIT-CnALBAcIT-CnALBA aLATINO  aCICERONE MARCO TULLIO 0aDE OFFICIIS LIBRI TRES.  a1a ed. a VENETIISbBAPTISTA DE TORTIS c1481 [1° Ed.:1481] aMUTILO DI FRONTESPIZIO. COMMENTO DI PIETRO MURSI. DEDICA AL CARDINALE GONZAGA DI MANTOVA. TESTO E COMMENTO LATINO. CON BREVI SPIEGAZIONI MANOSCRITTE IN MARGINE. POESIA DEDICATORIA A FEDERICO GONZAGA IN FINE VOLUME. TRE LIBRI SUI DOVERI. QUASI UN MANOSCRIT aSocietà San Paolo EM - Piazza San Paolo, 14 - 12051 ALBA (CN) (non commercial uses only) ® Copyright 2017 aMUTILO DI FRONTESPIZIO. COMMENTO DI PIETRO MURSI. DEDICA AL CARDINALE GONZAGA DI MANTOVA. TESTO E COMMENTO LATINO. CON BREVI SPIEGAZIONI MANOSCRITTE IN MARGINE. POESIA DEDICATORIA A FEDERICO GONZAGA IN FINE VOLUME. TRE LIBRI SUI DOVERI. QUASI UN MANOSCRIT aLETTERATURA LATINA cBK 71 a40192bSI g Copie: 1 c294255d294255 0010406A_8703542771aALBAbALBAd2017-01-16l0oA870-35427r2017-01-16 00:00:00w2017-01-16yBKz(data import: 16 gennaio 2017) - By Epidotti, Vaglietti.